[Event "AUS-ch Major"]
[Site "Sydney"]
[Date "2020.01.06"]
[Round "5"]
[White "Thite, Sameer"]
[Black "Keating, Jack"]
[Result "1/2-1/2"]
[WhiteElo "1804"]
[BlackElo "1729"]
[PlyCount "100"]
[EventDate "2020.01.02"]
[EventType "swiss"]
[EventRounds "11"]
[EventCountry "AUS"]
[SourceTitle "CBM 195 Extra"]
[Source "ChessBase"]
[SourceDate "2020.05.31"]
[SourceVersion "1"]
[SourceVersionDate "2020.05.31"]
[SourceQuality "1"]

1. e4 c6 2. d4 d5 3. exd5 cxd5 4. Bd3 Nc6 5. c3 Nf6 6. Nf3 Bg4 7. Nbd2 e6 8. h3 Bh5 9. 0-0 Bd6 10. Re1 0-0 11. Qe2 Rb8 12. a4 Qc7 13. Qf1 a6 14. g4 Bg6 15. Nh4 Bxd3 16. Qxd3 b5 17. axb5 axb5 18. b4 Bxb4 19. Nb3 Bd6 20. Nc5 Bxc5 21. dxc5 Ne4 22. Be3 Qe7 23. Nf3 Nxc5 24. Qc2 Ne4 25. Reb1 Qf6 26. Nd4 Nxd4 27. cxd4 Qf3 28. Kh2 Rfc8 29. Rxb5 Nxf2 30. Rxb8 Qxh3+ 31. Kg1 Qh1+ 32. Kxf2 Qh2+ 33. Kf3 Qxc2 34. Raa8 Qe4+ 35. Kf2 h6 36. Rxc8+ Kh7 37. Ra7 e5 38. Re8 Qc2+ 39. Kg3 exd4 40. Bxd4 Qd3+ 41. Be3 d4 42. Rd7 Qb5 43. Ree7 dxe3 44. Rxf7 Qe5+ 45. Kf3 e2 46. Rxg7+ Qxg7 47. Rxg7+ Kxg7 48. Kxe2 h5 49. gxh5 Kh6 50. Kf3 Kxh5 1/2-1/2

[Event "AUS-ch Major"]
[Site "Sydney"]
[Date "2020.01.04"]
[Round "3"]
[White "Ge, Eva"]
[Black "Keating, Jack"]
[Result "1/2-1/2"]
[WhiteElo "1783"]
[BlackElo "1729"]
[PlyCount "92"]
[EventDate "2020.01.02"]
[EventType "swiss"]
[EventRounds "11"]
[EventCountry "AUS"]
[SourceTitle "EXT 2021"]
[Source "ChessBase"]
[SourceDate "2020.10.23"]
[SourceVersion "1"]
[SourceVersionDate "2020.10.23"]
[SourceQuality "1"]

1. e4 Nf6 2. e5 Nd5 3. d4 d6 4. c4 Nb6 5. exd6 cxd6 6. Nc3 g6 7. Bd3 Bg7 8. Nge2 0-0 9. 0-0 Nc6 10. d5 Ne5 11. b3 Nxd3 12. Qxd3 a5 13. Be3 a4 14. Bd4 Bd7 15. Qe3 Bxd4 16. Nxd4 Re8 17. Qh6 e5 18. dxe6 fxe6 19. h4 Qf6 20. Rad1 axb3 21. axb3 e5 22. Ndb5 Bxb5 23. Nxb5 Red8 24. h5 d5 25. hxg6 Qxg6 26. Qxg6+ hxg6 27. Nc7 Rac8 28. Nxd5 Nxd5 29. cxd5 Rc5 30. d6 Kf7 31. f4 Ke6 32. fxe5 Rxe5 33. d7 Rxd7 34. Rxd7 Kxd7 35. Rf7+ Re7 36. Rf6 Re6 37. Rf7+ Kc6 38. Kf2 b5 39. Kf3 Kc5 40. Rf4 Kd5 41. Rg4 Kc5 42. Rf4 Rd6 43. Ke3 Re6+ 44. Kd3 Re5 45. b4+ Kd5 46. Rg4 g5 1/2-1/2